Anwar Ibrahim : jalan seribu liku

Bibliographic Details
Main Author: Kamal Amir
Format: Book
Published: Batu Caves : Penerbitan Muzakarah , 1995
Subjects:

MARC

LEADER 00000cam a2200000 7i4500
001 0000181204
005 20140107.0
090 0 0 |a 923.2595   |b KAM 
100 0 |a Kamal Amir 
245 1 0 |a Anwar Ibrahim :   |b jalan seribu liku   |c Kamal Amir 
260 |a Batu Caves :   |b Penerbitan Muzakarah ,   |c 1995 
300 |a 238p. ;   |c 19cm. 
600 0 0 |a Anwar Ibrahim ,   |d 1947- 
650 0 0 |a Anwar Ibrahim   |x Biography   |z Malaysia 
999 |a 00285791   |b BUKU   |c MALAYSIANA   |e PERPUSTAKAAN KOMUNITI PETALING JAYA